000
00384nam a2200145Ia 4500
008
090124s9999 xx 000 0 und d
082
_b
304550
245
_a
मोगरा फुलला
250
_a
1
260
_b
वाड छाया
_c
2001
300
_a
184
630
_a
मोगरा फुलला
730
_a
मोगरा फुलला
942
_c
BOOK
999
_c
194479
_d
194479